000 00748cam a2200145 4500500
005 20251228082926.0
041 _afre
042 _adc
100 1 0 _aNédelec, Claudine
_eauthor
245 0 0 _aAlain Mercier, Le Tombeau de la mélancolie. Littérature et facétie sous Louis XIII. Avec une bibliographie critique des éditions facétieuses parues de 1610 à 1643, Paris, Honoré Champion, « Lumière classique », no 63, 2005, 2 vol. de 16,5 cm × 24 cm, t. I (p. 1-400), t. II (p. 401-1553).
260 _c2008.
500 _a93
786 0 _nDix-septième siècle | 238 | 1 | 2008-02-28 | p. 165a-181a | 0012-4273
856 4 1 _uhttps://shs.cairn.info/revue-dix-septieme-siecle-2008-1-page-165a?lang=fr&redirect-ssocas=7080
999 _c1600153
_d1600153